[Event "Nuremberg LGA Cup 3rd"]
[Site "Nuremberg"]
[Date "2006.09.07"]
[Round "1.68"]
[White "Giersdorf, Fabian"]
[Black "Seidel, Michael"]
[Result "0-1"]
[WhiteElo "1425"]
[BlackElo "2084"]
[PlyCount "54"]
[EventDate "2006.09.07"]
[EventType "swiss"]
[EventRounds "7"]
[EventCountry "GER"]
[SourceTitle "CBM 114 Extra"]
[Source "ChessBase"]
[SourceDate "2006.11.03"]
[SourceVersion "1"]
[SourceVersionDate "2006.11.03"]
[SourceQuality "1"]

1. Nf3 Nf6 2. g3 g6 3. Bg2 Bg7 4. 0-0 d6 5. d4 0-0 6. c4 Nbd7 7. b3 e5 8. Bb2 exd4 9. Bxd4 Qe7 10. Nbd2 Re8 11. Re1 Ne5 12. Nxe5 dxe5 13. Bc3 c6 14. h3 a5 15. e3 h5 16. Kh2 e4 17. Qe2 Ng4+ 18. hxg4 Bxg4 19. f3 exf3 20. Qd3 Rad8 21. Qc2 Bxc3 22. Qxc3 fxg2 23. Kxg2 Qd7 24. Nf3 Bxf3+ 25. Kxf3 Qf5+ 26. Kg2 Rd3 27. e4 Qf3+ 0-1